Stadt - LAND - Fluss - Statistiken

Allgemein
  • Dieses Quiz wurde 528 mal gespielt
  • Das Durchschnittsergebnis liegt bei 15 aus 20
Antwortstatistiken
Stadt Land Fluss % Korrekt
Leipzig Deutschland Ruhr
99%
Breslau Polen Oder
97%
Toulon Frankreich Rhône
96%
Birmingham Vereinigtes Königreich Themse
96%
Bari Italien Po
90%
Pskow Russland Wolga
90%
Winterthur Schweiz Limmat
85%
Dnipro Ukraine Dnepr
85%
Cork Irland Shannon
82%
Aranjuez Spanien Duero
80%
Debrecen Ungarn Theiß
79%
Maribor Slowenien Kupa
77%
Sibiu Rumänien Donau
76%
Coimbra Portugal Tejo
74%
Melk Österreich Drau
71%
Novi Sad Serbien Save
71%
Plowdiw Bulgarien Ossam
65%
Brest Belarus Beresina
60%
Fès Marokko Sebou
48%
Sfax Tunesien Medjerba
28%
Keine übereinstimmenden Quizze gefunden
Verteilung der Resultate
Anzahl Personen mit jedem Resultat
Perzentil nach korrekt beantworteten Fragen
Ihre Resultats-Entwicklung
Sie haben dieses Quiz noch nicht gespielt